000 00518nam a2200181Ia 4500
003 OSt
005 20231211115754.0
008 190216s9999||||xx |||||||||||||| ||und||
020 _a9788171307517
040 _coclc
082 _a954.83
_bMEN/K
100 1 _aSreedhara Menon, A.
_910096
245 0 _aKeralavum Swathanthrya Samaravum /
_cA Sreedhara Menon
260 _bDc Books,
_c2010.
_a Kottayam:
300 _a180p
650 _aHistory
942 _cBK
_2ddc
_h954.83
_iMEN/K
_k954.83
_mMEN/K
999 _c21396
_d21396